LEADER 00872nam a2200205 i 4500 001 000000239047 003 CaOOAMICUS 005 20150218000000.0 008 150218s1825 it u000 u fre u 013 $a217952 026 $as.es A,6. enet siso (3) 1825 (R) 040 $aSeMil$bita 245 10$aTome 22. 300 $a480 p. 773 0 $aRichard, Charles Louis <1711-1794>$tBibliothèque sacrée, ou dictionnaire universel historique, dogmatique, canonique, géographique et chronologique des sciences ecclésiastiques ... par les révérends pères Richard et Giraud ... Tome 1. [-29.].$dA Paris : Chez Méquignon fils ainé, 1822.$g22$w()11410 850 $aSeMil 852 $aSeMil$W1$xVenegono$y1$m3D II 30 FA$j189393$B189393$CSeMilBibl$Z2$F200196 $8I 941 1 $a10 961 $aRecupero: Mantegazza 996 $6245$aTome 22$9(OLS)http://semarc/title/320543 LEADER 00998nam a2200241 i 4500 001 000000206295 003 CaOOAMICUS 005 20230428141016.0 008 110928s1783 it u000 u ita u 026 $ac.IA i.ti e.re GiUm (3) 1783 (R) 040 $aSeMil$bita 245 10$aTomo 4. 300 $a226, [2] p. 500 $aSegn.: A-I12 K6 500 $aDedica dell'A. a sua eccellenza conte Gio. Giuseppe de Wilzek 773 0 $aAesopus $tFavole esopiane dell'abate Giancarlo Passeroni. Tomo 1. [-7.].$dIn Milano : Appresso Giuseppe Galeazzi r. stampatore, 1780-1788.$g4$w()25488 850 $aSeMil 852 $aSeMil$W1$xVenegono$y1$m1N IV 32 FA$j156778$B156778$CSeMilBibl$Z2$F168029 $8I 852 $aSeMil$W1$xVenegono$y1$m1C I 35 FA$j201119$B201119$CSeMilBibl$Z2$F212875 $8I 961 $aNota ms. di possesso: Ex libris C. Branca 961 $aLascito: Martini Card. Carlo Maria 996 $6245$aTomo 4$9(OLS)http://semarc/title/136909